• 首页
  • 本馆介绍
  • 公告通知
  • 最新文献
  • 馆藏检索
  • 电子资源
  • 读者导购
  • 参考咨询
  • 我的图书馆
  • 登录
  • 详细信息显示
  • 放入我的书架
  • 预约/预借图书
  • 作者相关作品
  • 分类相关作品
  • 丛书相关作品
  • 出版社相关作品

书目信息

  • 表格格式
  • 工作单格式
  • 卡片格式
题名:
义务教育阶段学生课业负担监测研究
    
 
作者: 胡惠闵 , 柯政 著
分册:  
出版信息: 上海   华东师范大学出版社  2020.10
页数: 10,228页
开本: 24cm
丛书名: 核心素养与课程发展丛书
单 册:
中图分类: G637.3
科图分类:
主题词: 中小学教育--教学管理--研究--中国
电子资源:
ISBN: 978-7-5760-0161-7
000 01787nam2 2200313 45
001 012001004050
005 20140926103903.0
010    @a978-7-5760-0161-7@dCNY48.00
100    @a20201201d2020 em y0chiy0110 ea
101 0  @achi
102    @aCN@b310000
105    @ay z 000yy
106    @ar
200 1  @a义务教育阶段学生课业负担监测研究@Ayi wu jiao yu jie duan xue sheng ke ye fu dan jian ce yan jiu@dThe system of monitoring and assessment of students’schoolwork burden in national compulsory education@f胡惠闵, 柯政等著@zeng
210    @a上海@c华东师范大学出版社@d2020.10
215    @a10,228页@d24cm
225 2  @a核心素养与课程发展丛书
300    @a上海文化发展基金会图书出版专项基金资助出版 “十三五”国家重点出版物出版规划项目
300    @a并列题名:System of monitoring and assessment of students’schoolwork burden in national compulsory education
330    @a本书主要由三部分组成。第一部分为课业负担的基本问题研究,厘清了在中国当前真实的制度环境下研究课业负担重点需要关注什么的问题,以及如何从学理上分析课业负担的概念内涵与基本特征。第二部分介绍了课业负担监测需要采集的变量与工具研究,分别从个体、家庭和学校层面对课业负担及其影响因素的变量进行了建构,并在此基础上对课业负担问卷编制进行研究。第三部分是课业负担的监测工具,包含监测课业负担的客观时间和主观情绪的工具、监测课业负担的个体特征、社经地位和学校管理等不同层面影响因素的工具。
410  0 @12001 @a核心素养与课程发展丛书
461  0 @12001 @a核心素养与课程发展丛书
510 1  @aSystem of monitoring and assessment of students’schoolwork burden in national compulsory education@zeng
606 0  @a中小学教育@x教学管理@x研究@y中国
690    @aG637.3@v5
701  0 @a胡惠闵@Ahu hui min@c(女)@4著
701  0 @a柯政@Ake zheng@4著
801    @aCN@bAHXH@c20210922
905    @b1329148-52@dG637.3@e2326@f5
    
    义务教育阶段学生课业负担监测研究=The system of monitoring and assessment of students’schoolwork burden in national compulsory education/胡惠闵, 柯政等著.-上海:华东师范大学出版社,2020.10
    10,228页;24cm.-(核心素养与课程发展丛书)
    上海文化发展基金会图书出版专项基金资助出版 “十三五”国家重点出版物出版规划项目.-并列题名:System of monitoring and assessment of students’schoolwork burden in national compulsory education
    
    ISBN 978-7-5760-0161-7:CNY48.00
    本书主要由三部分组成。第一部分为课业负担的基本问题研究,厘清了在中国当前真实的制度环境下研究课业负担重点需要关注什么的问题,以及如何从学理上分析课业负担的概念内涵与基本特征。第二部分介绍了课业负担监测需要采集的变量与工具研究,分别从个体、家庭和学校层面对课业负担及其影响因素的变量进行了建构,并在此基础上对课业负担问卷编制进行研究。第三部分是课业负担的监测工具,包含监测课业负担的客观时间和主观情绪的工具、监测课业负担的个体特征、社经地位和学校管理等不同层面影响因素的工具。
●
相关链接 在E读中查询图书 在五车中查询图书 在当当中查询图书 在豆瓣中查询图书


正题名:义务教育阶段学生课业负担监测研究     索取号:G637.3/2326         预约/预借

序号 登录号 条形码 馆藏地/架位号 状态 备注
1 1329148   213291481   第一样本阅览室/ [索取号:G637.3/2326] 在馆    
2 1329149   213291490   教育系资料室/ [索取号:G637.3/2326] 在馆    
3 1329150   213291506   教育系资料室/ [索取号:G637.3/2326] 在馆    
4 1329151   213291515   第四借阅区/ [索取号:G637.3/2326] 在馆    
5 1329152   213291524   第四借阅区/ [索取号:G637.3/2326] 在馆    
唐山师范学院图书馆 欢迎您!
大连网信软件有限公司© 版权所有